Конче (Запис номер 119796)
[ съкратено ]
| 000 -Лидер | |
|---|---|
| Контролно поле с фиксирана дължина | 01611nam a2200361 c 4500 |
| 003 - Код на организацията, давaща контролен номер | |
| Контролно поле | BLK |
| 005 - Дата и час на последна редакция | |
| Контролно поле | 20240624115350.0 |
| 008 - Елементи от данни с фиксирана дължина | |
| fixed length control field | 180409b bul|||||r ||||||| ||bul|| |
| 010 ## - Наследен системен номер | |
| LC control number | KNG00125411000 |
| 040 ## - Източник на каталожния запис | |
| Идентификатор на билиотеката - собственик на записа | BLK |
| 041 ## - Код за език | |
| Код за езика на текст/звукозапис или на отделно заглавие | Български |
| Код за езика КДБФ | Български |
| 080 ## - УДК | |
| Текстов определител УДК | Българска литература |
| УДК код - определител по УДК | 821.163.2 |
| УДК определител | -93-1 |
| УДК - код + определител | 821.163.2-93-1 |
| 100 ## - Редна дума - Автор | |
| Автор | Чернаев, Христо |
| Дати, свързани с автора | 1930-2021 |
| Автор - информация (биография) | Поет. Писател, есеист. Преводач от руски език. |
| Пълна форма на името | Бонев, Христо Иванов |
| R(LIN) | 316331 |
| 139 ## - Редно поле | |
| Редна дума | Черняев, Христо |
| Авторски знак | Черни - Ч 71 |
| 245 10 - Сведения за заглавието | |
| Заглавие | Конче |
| Подзаглавни данни | Стихове за деца |
| Редно поле (дума) | Христо Чернаев; худож. Тодор Кръстев; * Христо Иванов Черняев. |
| 257 ## - Страна на издаване | |
| Страна на създаване/издаване | България |
| 260 ## - Област на издателските данни | |
| Име на издателя, разпространителя и проч. | Бълг. художник |
| Година на издаване | 1966 |
| 300 ## - Физическа характеристика | |
| Страници | 16 с. |
| Илюстрации и др. | с ил. |
| Размери/Мащаб | 18 см |
| 380 ## - Жанр | |
| Жанр | Детска худож. лит. |
| 490 1# - СЕРИИ (Колекции) | |
| Име на серия | Библиотека Детски свят |
| 500 ## - Общи забележки | |
| Забележка | Кор. опис. - Авт. е известен като Христо Черняев. |
| 700 ## - Други автори (авторска отговорност) | |
| Лично име | Черняев, Христо Иванов |
| Дати, свързани с автора | 1930 - 2021 |
| Друга информация | Български поет, публицист и писател |
| 9 (RLIN) | 365420 |
| 700 ## - Други автори (авторска отговорност) | |
| Лично име | Кръстев, Тодор |
| Друга информация | Стоянов, Тодор Кръстев |
| Автороска отговорност (Описва отношението между автора и произведението) | худож. |
| 9 (RLIN) | 249110 |
| 852 ## - Местоположение | |
| Форматна сигнатура | Цб І 12901 |
| Фондова буква | Хранилище |
| 856 4# - Електронен адрес и достъп | |
| Електронен формат | pdf - файл |
| 856 4# - Електронен адрес и достъп | |
| Електронен формат | pdf - файл |
| 999 ## - СИСТЕМНИ КОНТРОЛНИ НОМЕРА | |
| Koha biblionumber | 119796 |
| Koha biblioitemnumber | 119796 |
| 942 ## - АРТИКУЛИ | |
| Вид на библиотечния материал | Книги |
| Скрит в OPAC | Не |
| Периодичен библиозапис | Да |
| 944 ## - СЪЗДАВАНЕ И РЕДАКЦИЯ на ЗАПИСА | |
| Създаване/Редакция | Създаване |
| Дата на регистрацията/редакция | 27.08.2011 |
| Статус, дата на статуса | Христина Везирева |
| Служител, извършил регистрацията/редакцията | 30535 |
| 944 ## - СЪЗДАВАНЕ И РЕДАКЦИЯ на ЗАПИСА | |
| Създаване/Редакция | Редакция |
| Дата на регистрацията/редакция | 29.02.2016 |
| Статус, дата на статуса | 27.08.2011 - от С1,Р / 27.08.2011 |
| Служител, извършил регистрацията/редакцията | Кети_Илиева |
| 999 ## - СИСТЕМНИ КОНТРОЛНИ НОМЕРА | |
| Koha biblioitemnumber | 119796 |
| 999 ## - СИСТЕМНИ КОНТРОЛНИ НОМЕРА | |
| Koha biblioitemnumber | 119796 |
| 999 ## - СИСТЕМНИ КОНТРОЛНИ НОМЕРА | |
| Koha biblioitemnumber | 119796 |
| Код за отписване | Код за изгубен артикул | Източник на класификационната схема | Код за повреда | Коз за рестрикции | Код за отдаване | Артикулен № | Име на библиотеката - собственик | Име на библиотеката, в която се намира в момента | Статус (Текущо местоположение) | Дата на вписване в системата | Местоположение - отдел | Цена в лева | Инвентарен номер | Систематично азбучна сигнатура | Баркод | Номер на екземпляра | Цена в евро | Служебна бележка | Служебен тип на артикула |
|---|---|---|---|---|---|---|---|---|---|---|---|---|---|---|---|---|---|---|---|
| Не е изгубен | Universal Decimal Classification | Не е повреден | само за читалня | ползва се в читалня | 193215 | Регионална библиотека "Любен Каравелов" Русе | Регионална библиотека "Любен Каравелов" Русе | Хранилище | 1967-01-01 | Хранилище | 0.05 | 3559/67 | Цб І 12901 | 900000032156 | 1 | 0.03 | Дост: Dp Вид: Д N: стар фонд Дата: 01.01.1967 | Книги | |
| Изтеглен | Не е изгубен | Universal Decimal Classification | Не е повреден | без рестрикции | заемане за дома | 193216 | Регионална библиотека "Любен Каравелов" Русе | Регионална библиотека "Любен Каравелов" Русе | Детски отдел | 1967-01-01 | Детски отдел | 0.09 | 3481/67 | ДХ 886.7/Ч 70 | 3481/67 | 2 | 0.05 | Дост: Pk Вид: Ф N: стар фонд Дата: 01.01.1967 Дата инв: 18.08.2015 Бележки инв: Д2015 | Книги |